000 00671cam a22002054a 4500
020 _a9780896291737 (alk. paper)
040 _cDLC
082 0 0 _a363 INT 2009 C148 Or.
245 0 0 _aComparing food and cash transfers to the ultra poor in Bangladesh /
260 _aWashington, D.C. :
_bInternational Food Policy Research Institute,
_cc2009.
300 _axxiv, 224 p. :
_bill., map ;
_c24 cm.
490 0 _aIFPRI research monograph ;
650 0 _aFood relief
650 0 _aTransfer payments
650 0 _aEconomic assistance, Domestic
650 0 _aPoor
700 1 _aAhmed, Akhter U.
710 2 _aInternational Food Policy Research Institute.
942 _cAEDBB
999 _c18595
_d18595